| 000 | 00544nam a2200181 4500 | ||
|---|---|---|---|
| 001 | 136225 | ||
| 003 | ES-MaACL | ||
| 005 | 20230906195050.0 | ||
| 007 | t| | ||
| 008 | 070214s1977 mx r ||||1| spa d | ||
| 100 | 1 |
_aRukser, Udo. _9100972 |
|
| 245 | 1 | 0 |
_aGoethe en el mundo hispánico / _cpor Udo Rukser ; [traducción de Carlos Gerhard]. |
| 250 | _a1ª ed. | ||
| 260 |
_aMéxico [etc.] : _bFondo de Cultura Económica, _c1977. |
||
| 300 |
_a335 p. ; _c21 cm. |
||
| 700 | 1 |
_aGerhard, Carlos. _956442 |
|
| 852 |
_aES-MaACL _jA-8050 _bR.96815 |
||
| 999 |
_c136225 _d136225 |
||